Detalles MARC
| 000 -CABECERA |
| campo de control de longitud fija |
02660nam a2200361 4500 |
| 003 - IDENTIFICADOR DEL NÚMERO DE CONTROL |
| campo de control |
DO-SdBNP |
| 005 - FECHA Y HORA DE LA ÚLTIMA TRANSACCIÓN |
| campo de control |
20260309134441.0 |
| 007 - CAMPO FIJO DE DESCRIPCIÓN FÍSICA--INFORMACIÓN GENERAL |
| campo de control de longitud fija |
ta |
| 008 - DATOS DE LONGITUD FIJA--INFORMACIÓN GENERAL |
| campo de control de longitud fija |
260216b2025 dr ||||| |||| 00| 0 spa d |
| 020 ## - NÚMERO INTERNACIONAL ESTÁNDAR DEL LIBRO |
| Número Internacional Estándar del Libro |
9789945510959 |
| 040 ## - FUENTE DE LA CATALOGACIÓN |
| Centro catalogador/agencia de origen |
DO-SdBNP |
| Lengua de catalogación |
spa |
| Centro/agencia transcriptor |
BNPHU |
| Normas de descripción |
rda |
| 041 ## - CÓDIGO DE LENGUA |
| Código de lengua del texto/banda sonora o título independiente |
spa |
| 082 #4 - NÚMERO DE LA CLASIFICACIÓN DECIMAL DEWEY |
| Número de clasificación |
RD863.44 |
| Número de documento/Ítem |
C352pe |
| Número de edición |
22 |
| 100 1# - ENTRADA PRINCIPAL--NOMBRE DE PERSONA |
| Nombre de persona |
Castillo, Efraím, |
| Fechas asociadas al nombre |
1940- |
| Término indicativo de función/relación |
autor |
| 9 (RLIN) |
28022 |
| Código de función/relación |
aut. |
| 245 13 - MENCIÓN DE TÍTULO |
| Título |
El personero / |
| Mención de responsabilidad, etc. |
Efraím Castillo ; coordinación editorial, Clara Dobarro ; edición, María del Carmen Vicente, Manuel Ángel Suárez y Andrés Blanco. |
| 264 #4 - PRODUCCIÓN, PUBLICACIÓN, DISTRIBUCIÓN, FABRICACIÓN Y COPYRIGHT |
| Producción, publicación, distribución, fabricación y copyright |
Santo Domingo, República Dominicana : |
| Nombre del de productor, editor, distribuidor, fabricante |
Ministerio de Cultura; Editora Nacional, |
| Fecha de producción, publicación, distribución, fabricación o copyright |
©2025. |
| 300 ## - DESCRIPCIÓN FÍSICA |
| Extensión |
349 páginas ; |
| Dimensiones |
23 cm. |
| 336 ## - TIPO DE CONTENIDO |
| Término de tipo de contenido |
texto |
| Código de tipo de contenido |
txt |
| Fuente |
rdacontent |
| 337 ## - TIPO DE MEDIO |
| Nombre/término del tipo de medio |
sin mediación |
| Código del tipo de medio |
n |
| Fuente |
rdamedia |
| 338 ## - TIPO DE SOPORTE |
| Nombre/término del tipo de soporte |
volumen |
| Código del tipo de soporte |
nc |
| Fuente |
rdacarrier |
| 500 ## - NOTA GENERAL |
| Nota general |
Incluye datos biográficos del autor en las solapas |
| 505 ## - NOTA DE CONTENIDO CON FORMATO |
| Nota de contenido con formato |
Presentación, 9.-- Capítulo I. El gordo y el flaco, 13.-- Capítulo II. Monegal, 21.-- La viuda, 27.-- El trepador, 33.-- Capítulo III. El gordo y el flaco, 41.-- Monegal, 47.-- Capítulo IV. El gordo y el flaco,53-- Monegal, 60.-- El trepador, 69.-- La viuda, 75.-- Capítulo V. El gordo y el flaco, 87-- Monegal, 94.-- El trepador, 103.-- La viuda, 108.-- Capítulo VI. El gordo y el flaco, 115.-- Monegal, 126.-- La viuda, 131.-- El trepador, 146.--Capítulo VII. El gordo y el flaco, 149.-- Monegal, 154.-- La viuda, 158.-- El trepador, 162.-- Capítulo VIII. El gordo y el flaco, 173.-- Capítulo IX. Monegal, 193.-- La viuda, 198.-- La muchacha, 205.-- El trepador, 211. Capítulo X. El gordo y el flaco, 219.-- La viuda, 222.-- El trepador y la muchacha, 228.-- La muchacha, 236.-- Capítulo XI. El trepador, 245.-- La viuda, 253.-- Monegal y la muchacha, 255.-- Capítulo XII. El gordo y el flaco, 261.-- Monegal, 264.-- La viuda, 274.-- El trepador, 276.-- Capítulo XIII. El gordo y el flaco, 291.-- La viuda, 292.-- Monegalito, 298.-- La muchacha, 305.-- El trepador, 315.-- Capítulo XIV. J. Antonio, 323.-- La muchacha, 328.-- El trepador, 332.-- El gordo y el flaco, 334.-- El trepador, 335.-- El gordo y el flaco, 338.-- Epílogo, 343. -- Monegal, 343 |
| 590 ## - NOTA LOCAL (RLIN) |
| Nota local |
Inventariado, 2026 /LP |
| 650 #4 - PUNTO DE ACCESO ADICIONAL DE MATERIA--TÉRMINO DE MATERIA |
| Término de materia o nombre geográfico como elemento de entrada |
Novela histórica dominicana |
| 9 (RLIN) |
860 |
| 650 #4 - PUNTO DE ACCESO ADICIONAL DE MATERIA--TÉRMINO DE MATERIA |
| Término de materia o nombre geográfico como elemento de entrada |
Literatura dominicana |
| Fuente del encabezamiento o término |
LEMB |
| 651 #4 - PUNTO DE ACCESO ADICIONAL DE MATERIA--NOMBRE GEOGRÁFICO |
| Nombre geográfico |
República Dominicana |
| Subdivisión general |
Historia |
| Subdivisión cronológica |
Era de Trujillo 1930-1961 |
| Subdivisión de forma |
Novela |
| 9 (RLIN) |
89171 |
| 700 1# - PUNTO DE ACCESO ADICIONAL--NOMBRE DE PERSONA |
| Nombre de persona |
Dobarro, Clara, |
| Término indicativo de función/relación |
coordinador |
| Código de función/relación |
co. |
| 9 (RLIN) |
34619 |
| 700 1# - PUNTO DE ACCESO ADICIONAL--NOMBRE DE PERSONA |
| Nombre de persona |
Vicente, María del Carmen, |
| Término indicativo de función/relación |
editor |
| Código de función/relación |
ed. |
| 700 1# - PUNTO DE ACCESO ADICIONAL--NOMBRE DE PERSONA |
| Nombre de persona |
Blanco, Andrés, |
| Término indicativo de función/relación |
editor |
| Código de función/relación |
rd. |
| 9 (RLIN) |
76085 |
| 700 1# - PUNTO DE ACCESO ADICIONAL--NOMBRE DE PERSONA |
| Nombre de persona |
Suárez, Manuel Ángel |
| Término indicativo de función/relación |
editor |
| Código de función/relación |
ed. |
| 9 (RLIN) |
74910 |
| 910 ## - DATOS DE OPCIÓN DEL USUARIO (OCLC) |
| Datos de opción del usuario |
LP |
| 942 ## - ELEMENTOS DE PUNTO DE ACCESO ADICIONAL (KOHA) |
| Fuente del sistema de clasificación o colocación |
Dewey Decimal Classification |
| Tipo de ítem Koha |
Libro |